[Event "DVM U14 2019"]
[Site "Magdeburg GER"]
[Date "2019.12.29"]
[Round "6"]
[White "Dittenberger, Nico"]
[Black "Walders, Marc"]
[Result "0-1"]
[Termination "normal"]
[Board "8.4"]
[WhiteElo "1362"]
[BlackElo "1819"]
[WhiteTeam "SC Landskrone"]
[BlackTeam "SC Erlangen 48/88"]
[PlyCount "62"]
[WhiteFideId "12996254"]
[BlackFideId "16291905"]
[EventCountry "GER"]
[EventRounds "7"]
[EventType "team-swiss"]
[EventDate "2019.12.26"]

1. e4 e6 2. d4 d5 3. e5 c5 4. c3 Nc6 5. Nf3 Qb6 6. a3 cxd4 7. cxd4 f6 8. Be2
fxe5 9. dxe5 Nge7 10. Nc3 Ng6 11. Na4 Qc7 12. b4 Bd7 13. Bb5 Ngxe5 14. Bxc6
Bxc6 15. Nb2 Be7 16. O-O O-O 17. Nxe5 Qxe5 18. Re1 Qd6 19. Nd3 Rf5 20. Bf4 Rxf4
21. Nxf4 Qxf4 22. Rxe6 Bf6 23. Rc1 Be5 24. g3 Qf5 25. Rcxc6 bxc6 26. Rxc6 Rf8
27. Qxd5+ Kh8 28. Qd2 Qf3 29. Rc5 Bf6 30. Ra5 Rd8 31. Re5 Qd1+ 0-1

[Event "DVM U14 2019"]
[Site "Magdeburg GER"]
[Date "2019.12.29"]
[Round "6"]
[White "Kittel, Lennart"]
[Black "Kraftsik, Christian"]
[Result "0-1"]
[Termination "normal"]
[Board "9.1"]
[WhiteElo "1493"]
[BlackElo "1850"]
[WhiteTeam "SF 1876 Göppingen"]
[BlackTeam "Schach-Club Vaterstetten-Grasbrunn"]
[PlyCount "48"]
[WhiteFideId "16254171"]
[BlackFideId "16242548"]
[EventCountry "GER"]
[EventRounds "7"]
[EventType "team-swiss"]
[EventDate "2019.12.26"]

1. d4 Nf6 2. c4 g6 3. Nc3 Bg7 4. e4 d6 5. Be2 O-O 6. Be3 Nbd7 7. g4 c5 8. d5
Nb6 9. g5 Ne8 10. h4 e6 11. h5 exd5 12. cxd5 f5 13. hxg6 hxg6 14. Qd2 fxe4 15.
Nxe4 Bf5 16. Bd3 Nxd5 17. Bc4 Bxe4 18. f3 b5 19. fxe4 bxc4 20. Qxd5+ Rf7 21.
Qe6 c3 22. Qxg6 Qa5 23. Ke2 Qb5+ 24. Kd1 Qd3+ 0-1

[Event "DVM U14 2019"]
[Site "Magdeburg GER"]
[Date "2019.12.29"]
[Round "6"]
[White "Lerchl, Clemens"]
[Black "Schedel, Loris"]
[Result "1/2-1/2"]
[Termination "normal"]
[Board "9.2"]
[WhiteElo "1743"]
[BlackElo "1369"]
[WhiteTeam "Schach-Club Vaterstetten-Grasbrunn"]
[BlackTeam "SF 1876 Göppingen"]
[PlyCount "114"]
[WhiteFideId "16226372"]
[BlackFideId "16255542"]
[EventCountry "GER"]
[EventRounds "7"]
[EventType "team-swiss"]
[EventDate "2019.12.26"]

1. e4 c5 2. Nf3 a6 3. c4 Nc6 4. d4 cxd4 5. Nxd4 e5 6. Nxc6 bxc6 7. Nc3 Bb4 8.
Bd2 Nf6 9. Bd3 O-O 10. a3 Bxc3 11. Bxc3 Re8 12. O-O d5 13. cxd5 cxd5 14. exd5
Qxd5 15. Bc2 Bb7 16. Qxd5 Nxd5 17. Be4 Rab8 18. Bxd5 Bxd5 19. Rad1 Bc4 20. Rfe1
f6 21. Rd6 Rbd8 22. Red1 Rxd6 23. Rxd6 e4 24. Rd4 Bd3 25. f3 f5 26. fxe4 fxe4
27. Rd7 g6 28. Rg7+ Kf8 29. Rxh7 e3 30. Rh8+ Kf7 31. Rxe8 Kxe8 32. Bd4 e2 33.
Kf2 Kf7 34. b3 Ke6 35. Bc3 Kf5 36. Ke3 Bc2 37. b4 Bd1 38. a4 Bxa4 39. Kxe2 Bc6
40. Kf2 Kf4 41. h3 Bd7 42. g4 Bc8 43. Bd2+ Ke5 44. Kg3 Bd7 45. Kh4 Kf6 46. Bc3+
Kf7 47. Kg5 Be8 48. h4 Kg8 49. Kh6 Bf7 50. Kg5 Kh7 51. Kf6 Be8 52. g5 Bb5 53.
Ba1 Be2 54. Kf7 Bc4+ 55. Kf6 Be2 56. Ke5 Bb5 57. Kf6 Be2 1/2-1/2

[Event "DVM U14 2019"]
[Site "Magdeburg GER"]
[Date "2019.12.29"]
[Round "6"]
[White "Cilo, Selimhan"]
[Black "Popovici, Liviu-Daniel"]
[Result "0-1"]
[Termination "normal"]
[Board "9.3"]
[WhiteElo "1279"]
[BlackElo "1526"]
[WhiteTeam "SF 1876 Göppingen"]
[BlackTeam "Schach-Club Vaterstetten-Grasbrunn"]
[PlyCount "86"]
[WhiteFideId "16246756"]
[BlackFideId "1253689"]
[EventCountry "GER"]
[EventRounds "7"]
[EventType "team-swiss"]
[EventDate "2019.12.26"]

1. e4 c5 2. Nf3 d6 3. d4 cxd4 4. Nxd4 Nf6 5. Nc3 a6 6. Be3 e5 7. Nb3 Be6 8. Qd2
Nbd7 9. f3 h5 10. O-O-O Qc7 11. Be2 Rc8 12. Kb1 Be7 13. h3 h4 14. f4 exf4 15.
Bxf4 Ne5 16. Qe3 Ng6 17. Bd3 b5 18. g4 hxg3 19. Qxg3 Nh5 20. Qf3 Nhxf4 21. Rdg1
Nxd3 22. cxd3 Bf6 23. Rc1 Qd7 24. Rce1 Ne5 25. Qg3 Rxh3 26. Rxh3 Bxh3 27. Nd5
Qg4 28. Qe3 Qf3 29. Qxf3 Nxf3 30. Rh1 Ng5 31. Nd2 Be5 32. a4 g6 33. axb5 axb5
34. Nb3 Be6 35. d4 Bxd5 36. exd5 Bg7 37. Na5 Bxd4 38. Nc6 Be5 39. Re1 f6 40.
Rh1 Kd7 41. Rh6 Rg8 42. b4 f5 43. Rh2 Bxh2 0-1

[Event "DVM U14 2019"]
[Site "Magdeburg GER"]
[Date "2019.12.29"]
[Round "6"]
[White "Karpen, Jakob"]
[Black "Blazevic, Ksaver"]
[Result "1-0"]
[Termination "normal"]
[Board "9.4"]
[WhiteElo "1381"]
[BlackElo "1304"]
[WhiteTeam "Schach-Club Vaterstetten-Grasbrunn"]
[BlackTeam "SF 1876 Göppingen"]
[PlyCount "47"]
[WhiteFideId "16255453"]
[BlackFideId "16255534"]
[EventCountry "GER"]
[EventRounds "7"]
[EventType "team-swiss"]
[EventDate "2019.12.26"]

1. d4 d5 2. c4 c6 3. Nc3 Nf6 4. Nf3 e6 5. e3 Bb4 6. Bd3 dxc4 7. Bxc4 O-O 8. O-O
Nbd7 9. Qc2 Nb6 10. Bd3 Re8 11. e4 Nbd7 12. e5 Nd5 13. Nxd5 cxd5 14. Bxh7+ Kh8
15. Ng5 Rf8 16. Qb3 Be7 17. f4 Bxg5 18. Bc2 Bh6 19. Qh3 f6 20. f5 Qe7 21. fxe6
Nb6 22. Qf5 g6 23. Qxg6 Bxc1 24. exf6 1-0

[Event "DVM U14 2019"]
[Site "Magdeburg GER"]
[Date "2019.12.29"]
[Round "6"]
[White "Kokowski, Kevin"]
[Black "Schuh, Ramon"]
[Result "1-0"]
[Termination "normal"]
[Board "10.1"]
[WhiteElo "1627"]
[BlackElo "1360"]
[WhiteTeam "SV 1947 Walldorf"]
[BlackTeam "FVS ASP Hoyerswerda"]
[PlyCount "43"]
[WhiteFideId "16256417"]
[BlackFideId "16215982"]
[EventCountry "GER"]
[EventRounds "7"]
[EventType "team-swiss"]
[EventDate "2019.12.26"]

1. e4 d6 2. d4 Nf6 3. Nc3 g6 4. f4 Bg7 5. Nf3 O-O 6. Bd3 Nbd7 7. O-O c5 8. d5
e6 9. dxe6 fxe6 10. f5 gxf5 11. exf5 Nb6 12. fxe6 Bxe6 13. Ng5 Bd7 14. Bf4 Qc7
15. Bxd6 Qc8 16. Bxf8 Qxf8 17. Nxh7 Qe7 18. Nxf6+ Bxf6 19. Qf3 Rf8 20. Qxb7
Qe3+ 21. Kh1 Rf7 22. Qb8+ 1-0

[Event "DVM U14 2019"]
[Site "Magdeburg GER"]
[Date "2019.12.29"]
[Round "6"]
[White "Friedrich, Eddie"]
[Black "Meng, Yuxuan"]
[Result "1-0"]
[Termination "normal"]
[Board "10.2"]
[WhiteElo "1507"]
[BlackElo "1467"]
[WhiteTeam "FVS ASP Hoyerswerda"]
[BlackTeam "SV 1947 Walldorf"]
[PlyCount "183"]
[WhiteFideId "16274946"]
[BlackFideId "16258231"]
[EventCountry "GER"]
[EventRounds "7"]
[EventType "team-swiss"]
[EventDate "2019.12.26"]

1. e4 c5 2. Nf3 e6 3. d4 cxd4 4. Nxd4 Nf6 5. Bg5 Qa5+ 6. Bd2 Qb6 7. Nb3 Nxe4 8.
Be3 Qc7 9. Bd3 Nf6 10. N1d2 Nc6 11. O-O d5 12. c3 Bd6 13. h3 h6 14. a4 e5 15.
Be2 Bf5 16. Nf3 O-O 17. Nbd2 Rfd8 18. Nb3 Bh7 19. Nh2 e4 20. Ng4 Nxg4 21. Bxg4
Be7 22. Nd4 Nxd4 23. Bxd4 f5 24. Be2 f4 25. a5 Rf8 26. a6 b6 27. Bg4 Qd6 28.
Re1 Qg6 29. Bh5 Qg5 30. Qg4 Qxg4 31. Bxg4 Bf5 32. Bd1 Bc5 33. Bb3 Rad8 34. Rad1
Be6 35. Rd2 Bxd4 36. Rxd4 g5 37. Kh2 Kg7 38. Red1 Rf5 39. c4 Kf8 40. cxd5 Bc8
41. Rxe4 Bxa6 42. Ra4 Bb7 43. Rxa7 Bxd5 44. Ra6 Rd6 45. Bxd5 Rfxd5 46. Rxd5
Rxd5 47. Rxb6 Kg7 48. b4 Rd2 49. f3 Rb2 50. b5 h5 51. Rb8 Kf7 52. b6 Kg7 53. b7
Kh7 54. Kg1 Kg7 55. Kf1 Kh7 56. Ke1 Kg7 57. Kd1 Kh7 58. Kc1 Rb6 59. Kc2 Kg7 60.
Kc3 Kh7 61. Kc4 Kg7 62. Kc5 Rb2 63. Kc6 Rc2+ 64. Kd7 Rd2+ 65. Ke6 Rb2 66. Kf5
Rb5+ 67. Ke6 Rb2 68. Re8 Rxb7 69. Re7+ Rxe7+ 70. Kxe7 h4 71. Ke6 Kg6 72. Ke5
Kh6 73. Kf6 Kh5 74. Kg7 g4 75. hxg4+ Kg5 76. Kf7 Kh6 77. Kf6 Kh7 78. g5 Kh8 79.
Kf5 Kg7 80. Kxf4 Kg6 81. Kg4 Kg7 82. f4 h3 83. gxh3 Kg6 84. f5+ Kg7 85. Kh5 Kh7
86. f6 Kg8 87. Kg6 Kh8 88. h4 Kg8 89. f7+ Kf8 90. Kh7 Kxf7 91. g6+ Kf8 92. g7+
1-0

[Event "DVM U14 2019"]
[Site "Magdeburg GER"]
[Date "2019.12.29"]
[Round "6"]
[White "Färber, Sophie"]
[Black "Lesnikowski, Maciej"]
[Result "1/2-1/2"]
[Termination "normal"]
[Board "10.3"]
[WhiteElo "1378"]
[BlackElo "1366"]
[WhiteTeam "SV 1947 Walldorf"]
[BlackTeam "FVS ASP Hoyerswerda"]
[PlyCount "103"]
[WhiteFideId "16239121"]
[BlackFideId "21038910"]
[EventCountry "GER"]
[EventRounds "7"]
[EventType "team-swiss"]
[EventDate "2019.12.26"]

1. e4 e5 2. Nf3 d6 3. Bc4 Nc6 4. d4 exd4 5. Nxd4 Nxd4 6. Qxd4 Nf6 7. Nc3 Be6 8.
Bb3 Be7 9. Qd1 Bxb3 10. axb3 Qd7 11. O-O O-O 12. Bf4 a6 13. Re1 Rad8 14. Qf3
Qc6 15. Bg5 Rfe8 16. Rac1 h6 17. Bh4 Nh7 18. Bxe7 Rxe7 19. Nd5 Re6 20. Qd3 Rde8
21. f3 Nf6 22. Nxf6+ Rxf6 23. Qd5 Qb6+ 24. Kh1 Rfe6 25. Qd2 Re5 26. Red1 Rb5
27. Qd3 Ree5 28. f4 Re8 29. Rf1 Qc6 30. c4 Rb4 31. Rfe1 Qb6 32. Re3 f5 33. Qd5+
Kh8 34. Rce1 Rxb3 35. Rg3 Rxg3 36. hxg3 Rxe4 37. Rxe4 fxe4 38. Qf7 Qxb2 39.
Qe8+ Kh7 40. Qxe4+ g6 41. Qe7+ Qg7 42. Qe4 c6 43. f5 Qe5 44. fxg6+ Kg7 45. Qg4
Qe7 46. Qd4+ Kxg6 47. Qg4+ Kh7 48. Qf5+ Kg7 49. Qg4+ Kf7 50. Qf5+ Kg7 51. Qg4+
Kh7 52. Qf5+ 1/2-1/2

[Event "DVM U14 2019"]
[Site "Magdeburg GER"]
[Date "2019.12.29"]
[Round "6"]
[White "Stark, Niklas"]
[Black "Dang, Phuong Anh"]
[Result "0-1"]
[Termination "normal"]
[Board "10.4"]
[WhiteElo "942"]
[BlackElo "1442"]
[WhiteTeam "FVS ASP Hoyerswerda"]
[BlackTeam "SV 1947 Walldorf"]
[PlyCount "64"]
[WhiteFideId "16298250"]
[BlackFideId "16247353"]
[EventCountry "GER"]
[EventRounds "7"]
[EventType "team-swiss"]
[EventDate "2019.12.26"]

1. e4 e5 2. Nf3 Nc6 3. Bc4 Bc5 4. d3 h6 5. Be3 Bb6 6. Nc3 d6 7. h3 Nge7 8. Qd2
Be6 9. Bb3 O-O 10. O-O Qd7 11. Ne2 f5 12. Bxe6+ Qxe6 13. exf5 Nxf5 14. Bxb6
axb6 15. a3 Qg6 16. Nc3 Nce7 17. Rae1 Rf7 18. Ne4 Nd5 19. g3 Qh5 20. Kg2 Raf8
21. Nh2 Nf4+ 22. gxf4 Nh4+ 23. Kh1 Rxf4 24. Qe2 Nf3 25. Kg2 Nxe1+ 26. Qxe1 Qg6+
27. Ng3 h5 28. Qe2 R8f5 29. Kh1 Rg5 30. Qe1 d5 31. Qe3 Qc6 32. c3 d4+ 0-1